Survivor: Thailand Contestants (Final Placements) - Statistics

General Stats
  • This quiz has been taken 215 times
    191 since last reset
  • The average score is 14 of 16
Answer Stats
Hint Answer % Correct
Winner Brian Heidik
95%
Runner-Up Clay Jordan
93%
4th Helen Glover
91%
13th Ghandia Johnson
90%
5th Ted Rogers, Jr.
90%
3rd Jan Gentry
89%
16th John Raymond
89%
10th Shii Ann Huang
89%
6th Jake Billingsley
87%
7th Penny Ramsay
86%
11th Robb Zbaknik
85%
8th Kenneth "Ken" Stafford
82%
9th Erin Collins
80%
14th Jed Hildebrand
78%
15th Tanya Vance
75%
12th Stephanie Dill
73%
No matching quizzes found
Score Distribution
Percent of People with Each Score
Percentile by Number Answered
Your Score History
You have not taken this quiz since the last reset